Rosa na lístí /

Hlavní autor: Kuzmin, Mojmír
Jazyk: Slovenština
Vydáno: Bratislava : Slovenský spisovateľ, 1974
Vydání: 1. vyd.
Edice: Zošity
Fyzický popis: 38 s. : il.
Knihy
Uloženo v:
LEADER 00664nam a22002292a 4500
001 000913538
003 CZ BrMZK
005 20080923173244.0
007 ta
008 080923s1974 xo a er|||||||||||slo d
040 |a BOA001  |b cze 
100 1 |a Kuzmin, Mojmír  |7 xx0065954  |4 aut 
245 1 0 |a Rosa na lístí /  |c Mojmír Kuzmin ; ilustr. Dušan Grečner 
250 |a 1. vyd. 
260 |a Bratislava :  |b Slovenský spisovateľ,  |c 1974 
300 |a 38 s. :  |b il. 
490 1 |a Zošity 
830 0 |a Zošity 
910 |a BOA001  |b 1-0713.121 
990 |a BK 
991 |b 200809 
996 7 |b 2619529043  |c 1-0713.121  |l MZK  |r Sklad / do 1 hodiny  |n 0  |w 000913538  |u 000010  |a 1  |e BOA001  |j MZK50  |s A